000 01931nab a2200205 i 4500
001 768714001
003 CO-MdFUSB
005 20260313161147.0
008 220927s2014 ck ||||| |||| 00| 0 spa d
040 _bspa
_cCO-MdFUSB
_dCO-MdFUSB
041 _aspa
100 _aJaramillo Cardona, Rubén Darío,
_eautor
245 1 3 _aEl proceso de diálogos de la Habana :
_bde la incertidumbre a la consolidación
_c/ Rubén Darío Jaramillo Cardona
300 _aNúmero 7, (2014), páginas 25 - 39
_c; 20 cm
520 _aUna negociación política de paz entre el principal actor armado ilegal Las FARC y el Estado Colombiano, después de varios fracasos en épocas anteriores y de algunos procesos exitosos como los desarrollas con el M-19 y una fracción del ELN, en la década de los noventa, con cambios sustanciales en la metodología, no han dejado de generar dudas, sentimientos encontrados y hasta voces de rechazo, en un país donde el dolor se instaló hace décadas para cogobernar con el miedo desde la práctica política. Cualquier negociación política de paz es compleja por la multiplicidad de factores que reúne y por las huellas profundas que en la piel y el corazón de millones de colombianos , ha dejado el conflicto armado interno en 50 años de desarrollo. Para que el lector comprenda la perspectiva de nuestro articulo pretendemos decirle con las mejores palabras, lo que es una negociación política de paz, algunos avances en los acuerdos de hoy, los desafíos de la justicia tradicional y los derechos de las victimas, desde un enfoque histórico, teniendo presente que o que pasó en la década de los ochenta y noventa con la violencia político-militar, es diferente a lo que el tiempo presente nos demanda.
650 0 _92052
_aPaz
773 0 _068214
_981330
_oR2116
_tAbriendo Horizontes
_w(CO-MdFUSB)768714001
_x23573295
_gNúmero 7, (2014), páginas 25 - 39
942 _cANA
945 _aJTF-925
999 _c68216
_d68216